[Event "Mittelfranken Mitte-ch 0203"]
[Site "Zirndorf"]
[Date "2002.??.??"]
[Round "5"]
[White "Frisch, Helmut"]
[Black "Corral, Carlos"]
[Result "0-1"]
[WhiteElo "1564"]
[BlackElo "1829"]
[PlyCount "104"]
[EventDate "2003.09.20"]
[EventType "swiss"]
[EventRounds "7"]
[EventCountry "GER"]
[SourceTitle "EXT 2015"]
[Source "ChessBase"]
[SourceDate "2014.11.20"]
[SourceVersion "1"]
[SourceVersionDate "2014.11.20"]
[SourceQuality "1"]

1. d4 Nf6 2. c4 e6 3. Nc3 Bb4 4. Bg5 h6 5. Bxf6 Qxf6 6. a3 Bxc3+ 7. bxc3 c5 8. e3 0-0 9. Qf3 Qe7 10. Bd3 Nc6 11. Ne2 b6 12. 0-0 Bb7 13. e4 d6 14. Qe3 e5 15. d5 Na5 16. Ng3 Rad8 17. Rfb1 Qg5 18. Qe2 g6 19. Rb2 Kg7 20. Nf1 Bc8 21. Qe3 f5 22. Qxg5 hxg5 23. f3 f4 24. Nd2 g4 25. Kf2 Rh8 26. Rg1 Rxh2 27. fxg4 Bxg4 28. Nf3 Bxf3 29. Kxf3 Rdh8 30. Rbb1 Kf6 31. Bf1 g5 32. Be2 R8h4 33. Bf1 g4+ 34. Kf2 R4h3 35. Rc1 Re3 36. Be2 Kg5 37. Rge1 g3+ 38. Kg1 Rxe4 39. Bd3 Rxe1+ 40. Rxe1 Kf6 41. Be2 Rh4 42. Bd3 Nb7 43. a4 Ke7 44. Rb1 Kd8 45. Kf1 Rh1+ 46. Ke2 Rxb1 47. Bxb1 Ke7 48. Kf3 Kf6 49. Kg4 Na5 50. Ba2 a6 51. Kf3 Kg5 52. Ke4 Kg4 0-1

[Event "Mittelfranken Mitte-ch 0203"]
[Site "Zirndorf"]
[Date "2002.??.??"]
[Round "4"]
[White "Kirchner, Gerhard"]
[Black "Frisch, Helmut"]
[Result "0-1"]
[WhiteElo "1481"]
[BlackElo "1564"]
[PlyCount "70"]
[EventDate "2003.09.20"]
[EventType "swiss"]
[EventRounds "7"]
[EventCountry "GER"]
[SourceTitle "EXT 2015"]
[Source "ChessBase"]
[SourceDate "2014.11.20"]
[SourceVersion "1"]
[SourceVersionDate "2014.11.20"]
[SourceQuality "1"]

1. e4 c5 2. Nf3 Nc6 3. Bc4 e6 4. 0-0 g6 5. d4 cxd4 6. Nxd4 Bg7 7. Nxc6 bxc6 8. c3 Ne7 9. Qc2 0-0 10. Nd2 d5 11. exd5 cxd5 12. Bb3 Ba6 13. Re1 Qb6 14. Nf3 Rac8 15. Ne5 Bxe5 16. Rxe5 Nc6 17. Re1 Nd4 18. Qd1 Nf5 19. g4 Ng7 20. Qf3 Bb7 21. Qf6 Qd8 22. Qf4 Qb6 23. Qf6 Ne8 24. Qe5 Qd6 25. Qg5 f6 26. Qe3 Nc7 27. Qxa7 Qc6 28. Ba4 Nb5 29. Bxb5 Qxb5 30. Rxe6 Qd7 31. Qe3 Rce8 32. Rxe8 Rxe8 33. Qd4 Re4 34. Qd1 Rxg4+ 35. Kf1 Ba6+ 0-1